| 000 | 01334nam a2200385Ia 4500 | ||
|---|---|---|---|
| 001 | 48108 | ||
| 005 | 20230411085958.0 | ||
| 008 | 061107s2006 sp achj b 000 0 spa d | ||
| 035 | _a(OCoLC)ocm75303940 | ||
| 040 |
_aCGU _cCGU _dBAKER _dYDXCP |
||
| 020 | _a8441417261 | ||
| 020 | _a9788441417267 | ||
| 035 | _a(OCoLC)75303940 | ||
| 090 | _aL642. C 2006 | ||
| 049 | _aGRAL | ||
| 100 | 1 | _aLesta, José. | |
| 245 | 1 | 0 |
_aClaves ocultas del poder mundial : _bcómo el esoterismo y lo sobrenatural influyen en la historia / _cJosé Lesta y Miguel Pedrero. |
| 260 |
_aMadrid : _bEdaf, _c2006. |
||
| 300 |
_a369 p. : _bill., facsims., geneal. tables, ports. ; _c25 cm. |
||
| 440 | 0 |
_aMundo mágico y heterodoxo ; _v39 |
|
| 504 | _aIncludes bibliographical references (p. 353-369). | ||
| 650 | 0 |
_aSecret societies _y21st century. |
|
| 650 | 0 |
_aSecret societies _y20th century. |
|
| 650 | 0 |
_aSecret societies _xPolitical aspects. |
|
| 650 | 0 |
_aOccultism _xPolitical aspects. |
|
| 650 | 0 |
_aWorld politics _y21st century. |
|
| 650 | 0 |
_aWorld politics _y20th century. |
|
| 700 | 1 | _aPedrero, Miguel. | |
| 936 | _aPR 68085928 | ||
| 938 |
_aBaker & Taylor _bBKTY _c26.99 _d24.29 _i8441417261 _n0007117203 _sactive |
||
| 938 |
_aYBP Library Services _bYANK _n2657346 |
||
| 942 |
_2lcc _cbk |
||
| 946 | _ajoacosta | ||
| 994 |
_aC0 _bDRFGD |
||
| 999 |
_c110394 _d110394 |
||